Science, technology, and society in postwar Japan

Guardado en:
Detalles Bibliográficos
Autor principal: Nakayama, Shigeru
Formato: Libro
Lenguaje:Undetermined
Publicado: London Kegan Paul International 1991
Materias:
Etiquetas: Agregar Etiqueta
Sin Etiquetas, Sea el primero en etiquetar este registro!
Thư viện lưu trữ: Trung tâm Học liệu Trường Đại học Cần Thơ
LEADER 00615nam a2200205Ia 4500
001 CTU_88547
008 210402s9999 xx 000 0 und d
082 |a 303.48 
082 |b N163 
100 |a Nakayama, Shigeru 
245 0 |a Science, technology, and society in postwar Japan 
245 0 |c Shigeru Nakayama 
260 |a London 
260 |b Kegan Paul International 
260 |c 1991 
650 |a Science,Technology,Science,Technology 
650 |x Social aspects,Social aspects 
650 |z Japan,Japan,Japan,Japan 
904 |i M.Loan,Hải 
980 |a Trung tâm Học liệu Trường Đại học Cần Thơ